| 000 | 00603nam a2200193 i 4500 | ||
|---|---|---|---|
| 001 | 79177 | ||
| 003 | ES-MaACL | ||
| 005 | 20250815112601.0 | ||
| 007 | t| | ||
| 008 | 041020s1933 sp |||| | spa d | ||
| 100 | 1 |
_aHernández Guerra, José. _962953 |
|
| 245 | 1 | 0 |
_aElementos de bioquímica / _cpor José Hernández Guerra y S. Ochoa de Albornoz. |
| 260 |
_aMadrid : _b[s.n., _c1933] ( _fSuc. de Rivadeneyra) |
||
| 300 |
_a271 p. ; _c23 cm. |
||
| 650 | 0 | 7 |
_aBioquímica _2embne _9136796 |
| 700 | 1 |
_aOchoa, Severo, _d1905-1993 _986482 |
|
| 852 |
_aES-MaACL _jE-1524 |
||
| 999 |
_c79177 _d79177 |
||